[Event "X Abierto Internacional  Ayuntamiento de"]
[Site "Mondariz Balneario, Pontevedra"]
[Date "2012.08.25"]
[Round "1"]
[White "Pinho, Paulo"]
[Black "Lopez Perez, Alberto Jose"]
[Result "1-0"]
[WhiteElo "2159"]
[BlackElo "1940"]
[PlyCount "49"]
[EventDate "2012.08.25"]
[EventRounds "8"]
[EventCountry "ESP"]

1. d4 d5 2. c4 Nc6 3. Nc3 Nf6 4. Bg5 Ne4 5. Nxe4 dxe4 6. d5 e6 7. dxc6 Qxg5 8.
Qa4 Rb8 9. e3 Bc5 10. a3 Qe5 11. Rb1 O-O 12. Ne2 bxc6 13. b4 a5 14. g3 axb4 15.
axb4 Rb6 16. Bg2 Ba6 17. O-O Bxc4 18. bxc5 Rxb1 19. Rxb1 Bxe2 20. Bxe4 Bb5 21.
Qc2 g6 22. Rd1 Ra8 23. f4 Qh5 24. Kg2 Ra2 25. Rd8+ 1-0

[Event "X Abierto Internacional  Ayuntamiento de"]
[Site "Mondariz Balneario, Pontevedra"]
[Date "2012.08.25"]
[Round "1"]
[White "Cabanas Rodriguez, Roi"]
[Black "Grigoriev, Ivan"]
[Result "0-1"]
[WhiteElo "1908"]
[BlackElo "2129"]
[PlyCount "61"]
[EventDate "2012.08.25"]
[EventRounds "8"]
[EventCountry "ESP"]

1. c4 f5 2. Nc3 Nf6 3. g3 g6 4. Bg2 Bg7 5. e3 O-O 6. Nge2 e5 7. O-O d6 8. Rb1
a5 9. a3 Nbd7 10. b4 axb4 11. axb4 g5 12. f4 gxf4 13. gxf4 c6 14. Ng3 Nb6 15.
c5 exf4 16. Rxf4 Nbd5 17. Nxd5 Nxd5 18. Bxd5+ cxd5 19. Qh5 dxc5 20. bxc5 d4 21.
Bb2 dxe3 22. Rh4 Rf7 23. Qxh7+ Kf8 24. Bxg7+ Rxg7 25. Qh8+ Rg8 26. Qh6+ Kf7 27.
Qh7+ Kf8 28. Rf1 Ra6 29. dxe3 Qd3 30. e4 Rag6 31. Kh1 0-1

[Event "X Abierto Internacional  Ayuntamiento de"]
[Site "Mondariz Balneario, Pontevedra"]
[Date "2012.08.25"]
[Round "1"]
[White "Blanco Gutierrez, Pedro"]
[Black "Salgado Gonzalez, Julio"]
[Result "1/2-1/2"]
[WhiteElo "2128"]
[BlackElo "1852"]
[PlyCount "63"]
[EventDate "2012.08.25"]
[EventRounds "8"]
[EventCountry "ESP"]

1. c4 e5 2. g3 Nf6 3. Bg2 Bc5 4. Nc3 Nc6 5. Nf3 d6 6. O-O Be6 7. d3 a6 8. Bg5
Ba7 9. Nd5 Bxd5 10. cxd5 Nd4 11. Nxd4 Bxd4 12. e3 Bb6 13. Qa4+ Qd7 14. Qh4 Qf5
15. e4 Qg6 16. Kh1 Nd7 17. f4 f6 18. Bf3 fxg5 19. fxg5 h5 20. g4 O-O-O 21. gxh5
Be3 22. Bg4 Qxg5 23. Qxg5 Bxg5 24. Rf7 Bf6 25. Rc1 Rhe8 26. Rf1 Rh8 27. Rc1 Bg5
28. Rc2 Bf6 29. h3 Rhe8 30. Rf2 Rh8 31. Rc2 Rhe8 32. Rf2 1/2-1/2

[Event "X Abierto Internacional  Ayuntamiento de"]
[Site "Mondariz Balneario, Pontevedra"]
[Date "2012.08.25"]
[Round "1"]
[White "Lorenzo Dieguez, Manuel"]
[Black "Gomez Dieguez, David"]
[Result "0-1"]
[WhiteElo "1679"]
[BlackElo "2123"]
[PlyCount "112"]
[EventDate "2012.08.25"]
[EventRounds "8"]
[EventCountry "ESP"]

1. e4 e5 2. Nf3 Nc6 3. Bb5 a6 4. Ba4 f5 5. Nc3 fxe4 6. Nxe4 b5 7. Bb3 d5 8. Nc3
Nf6 9. d4 exd4 10. Nxd4 Qe7+ 11. Be3 Nxd4 12. Nxd5 Nxd5 13. Qh5+ g6 14. Qxd5
Nxb3 15. axb3 Rb8 16. O-O-O Bb7 17. Qd2 Rd8 18. Bd4 Rxd4 19. Qxd4 Bh6+ 20. Kb1
O-O 21. Rhe1 Qf6 22. Qxf6 Rxf6 23. Re7 Rxf2 24. Rdd7 Bf8 25. Rxh7 Be4 26. Rxc7
Rxc2 27. Ka2 Rxg2 28. Rh4 Bd3 29. Rd4 Bf5 30. Rd8 Rxh2 31. Ra7 Rf2 32. Rxa6 Rf1
33. Rb6 g5 34. b4 g4 35. Ka3 g3 36. Rf6 Kg7 37. Rdxf8 Ra1+ 38. Kb3 Be6+ 39.
Rxe6 Kxf8 40. Rg6 Rg1 41. Kc3 Kf7 42. Rg4 Kf6 43. Kd4 Kf5 44. Rg8 g2 45. Ke3
Re1+ 46. Kf2 Rb1 47. Kxg2 Ke4 48. Rg3 Rxb2+ 49. Kf1 Kd4 50. Ke1 Rxb4 51. Kd1
Rc4 52. Rg4+ Kc3 53. Rxc4+ bxc4 54. Kc1 Kb3 55. Kb1 c3 56. Ka1 Kc2 0-1

[Event "X Abierto Internacional  Ayuntamiento de"]
[Site "Mondariz Balneario, Pontevedra"]
[Date "2012.08.25"]
[Round "1"]
[White "Del Noval Nemeshazi, Nesztor"]
[Black "Haak, Eelco"]
[Result "0-1"]
[WhiteElo "1499"]
[BlackElo "2077"]
[PlyCount "64"]
[EventDate "2012.08.25"]
[EventRounds "8"]
[EventCountry "ESP"]

1. e4 e6 2. d4 d5 3. e5 c5 4. c3 Nc6 5. Nf3 Bd7 6. a3 f6 7. Bf4 fxe5 8. Nxe5
Nf6 9. b4 cxd4 10. cxd4 Qb6 11. Nxc6 Qxc6 12. Be5 Be7 13. Be2 O-O 14. O-O Rac8
15. Nd2 Qc2 16. Qxc2 Rxc2 17. Rad1 Ba4 18. Bf3 Ra2 19. Ra1 Rxd2 20. Bd1 Bxd1
21. Rfxd1 Rxd1+ 22. Rxd1 Rc8 23. f4 Rc2 24. h3 h5 25. Kf1 Ne4 26. Rd3 h4 27.
Rf3 Nd2+ 28. Kf2 Nxf3+ 29. Kxf3 Rc3+ 30. Kg4 Rg3+ 31. Kh5 g6+ 32. Kh6 Bf8+ 0-1

[Event "X Abierto Internacional  Ayuntamiento de"]
[Site "Mondariz Balneario, Pontevedra"]
[Date "2012.08.26"]
[Round "2"]
[White "Haak, Eelco"]
[Black "Pinho, Paulo"]
[Result "1/2-1/2"]
[WhiteElo "2077"]
[BlackElo "2159"]
[PlyCount "69"]
[EventDate "2012.08.25"]
[EventRounds "8"]
[EventCountry "ESP"]

1. d4 f5 2. e4 fxe4 3. Nc3 Nf6 4. Bg5 g6 5. f3 d5 6. fxe4 dxe4 7. Qd2 Bg7 8.
O-O-O Nc6 9. Bb5 O-O 10. Nge2 Ng4 11. Bc4+ Kh8 12. Nxe4 Bf5 13. h3 Nf6 14. N4g3
Ne4 15. Nxe4 Bxe4 16. Nc3 Na5 17. Be6 Qd6 18. Rhe1 Bc6 19. Bg4 Nc4 20. Bxe7
Nxd2 21. Bxd6 cxd6 22. Kxd2 Bxd4 23. Kd3 Be5 24. Rd2 Rf4 25. Ne2 Bb5+ 26. Ke3
Rf7 27. Bf3 Re8 28. Kf2 Bc6 29. Rd3 Bxf3 30. Rxf3 Rfe7 31. c3 Bg7 32. Rd3 Be5
33. Re3 Kg7 34. Kf1 Rf8+ 35. Rf3 1/2-1/2

[Event "X Abierto Internacional  Ayuntamiento de"]
[Site "Mondariz Balneario, Pontevedra"]
[Date "2012.08.26"]
[Round "2"]
[White "Grigoriev, Ivan"]
[Black "Silva, Luis Neves Da"]
[Result "1-0"]
[WhiteElo "2129"]
[BlackElo "2115"]
[PlyCount "93"]
[EventDate "2012.08.25"]
[EventRounds "8"]
[EventCountry "ESP"]

1. g3 g6 2. Bg2 Bg7 3. f4 d5 4. Nf3 Nf6 5. O-O O-O 6. d3 b6 7. e4 dxe4 8. dxe4
Bb7 9. e5 Qxd1 10. Rxd1 Nd5 11. c4 Nb4 12. a3 N4a6 13. b4 c5 14. b5 Nc7 15. Bb2
a6 16. a4 axb5 17. axb5 Rxa1 18. Bxa1 Ne6 19. Nc3 Rd8 20. Rxd8+ Nxd8 21. Nd5
Bxd5 22. cxd5 Kf8 23. Nd2 f6 24. e6 Nb7 25. Nc4 Nd6 26. Nxb6 Ke8 27. Bf1 Kd8
28. Bc3 Kc7 29. Na4 c4 30. Ba5+ Kc8 31. Nb6+ Kb7 32. Nxc4 Nxb5 33. Bd8 Bf8 34.
Na5+ Kc8 35. Bxe7 Bxe7 36. Bxb5 Bc5+ 37. Kg2 Be7 38. Nc4 Bb4 39. Kf3 Bc5 40. g4
Bb4 41. h4 Bc5 42. h5 Be7 43. Ke4 Bc5 44. hxg6 hxg6 45. Be8 g5 46. fxg5 fxg5
47. Bb5 1-0

[Event "X Abierto Internacional  Ayuntamiento de"]
[Site "Mondariz Balneario, Pontevedra"]
[Date "2012.08.26"]
[Round "2"]
[White "Gomez Dieguez, David"]
[Black "Torrallardona Raventos, Marsial"]
[Result "1-0"]
[WhiteElo "2123"]
[BlackElo "1695"]
[PlyCount "61"]
[EventDate "2012.08.25"]
[EventRounds "8"]
[EventCountry "ESP"]

1. g3 d5 2. Bg2 e5 3. d3 Nf6 4. Nd2 Nc6 5. c4 Be6 6. Ngf3 Bb4 7. Qa4 O-O 8. O-O
e4 9. Ng5 Bxd2 10. Nxe6 fxe6 11. Bxd2 exd3 12. exd3 Qd7 13. Rad1 h6 14. b4 a6
15. Bc3 b5 16. Qb3 Ne7 17. Rfe1 Rae8 18. Bd4 c6 19. Bc5 Kf7 20. Bh3 Ng6 21.
Bxf8 Kxf8 22. Re2 Qd6 23. c5 Qd7 24. Rde1 Kf7 25. Rxe6 Rxe6 26. Bxe6+ Qxe6 27.
Rxe6 Kxe6 28. Qa3 Ne5 29. Qxa6 Nxd3 30. Qxc6+ Ke5 31. Qxb5 1-0

[Event "X Abierto Internacional  Ayuntamiento de"]
[Site "Mondariz Balneario, Pontevedra"]
[Date "2012.08.26"]
[Round "2"]
[White "Gomez Dieguez, Adrian"]
[Black "Blanco Gutierrez, Pedro"]
[Result "1-0"]
[WhiteElo "1785"]
[BlackElo "2128"]
[PlyCount "117"]
[EventDate "2012.08.25"]
[EventRounds "8"]
[EventCountry "ESP"]

1. e4 c5 2. Nf3 Nc6 3. Nc3 g6 4. d4 cxd4 5. Nxd4 Bg7 6. Nde2 Nf6 7. g3 O-O 8.
Bg2 Rb8 9. a4 a6 10. O-O b5 11. axb5 axb5 12. h3 d6 13. Be3 b4 14. Nd5 Nxd5 15.
exd5 Ne5 16. Bd4 Qc7 17. Ra7 Rb7 18. Rxb7 Qxb7 19. Re1 Re8 20. Kh2 Bh6 21. f4
Nc4 22. b3 Na3 23. Bb2 Nb5 24. Qd2 Nc7 25. Qd4 f6 26. Qc4 Bd7 27. Nd4 Kf8 28.
h4 Bg7 29. Ne6+ Bxe6 30. dxe6 d5 31. Qd4 Rd8 32. f5 gxf5 33. Qf4 Rd6 34. Qxf5
Kg8 35. Qh5 Nxe6 36. Rxe6 Rxe6 37. Bxd5 Qd7 38. Qf5 Kf7 39. Bc1 Qd6 40. Bf4 Qb6
41. Kg2 h6 42. h5 Qa6 43. Qe4 Qb6 44. Bd2 Qd6 45. Bxb4 Qe5 46. Qxe5 fxe5 47.
Kf3 Kf6 48. Bxe6 Kxe6 49. Ke4 Kf6 50. Bd2 e6 51. b4 Ke7 52. c4 Kd6 53. Be3 Kc7
54. b5 Kd6 55. c5+ Kc7 56. Bd2 Kb7 57. Ba5 Bf6 58. c6+ Kb8 59. b6 1-0

[Event "X Abierto Internacional  Ayuntamiento de"]
[Site "Mondariz Balneario, Pontevedra"]
[Date "2012.08.26"]
[Round "2"]
[White "Salgado Gonzalez, Julio"]
[Black "Yebra-Pimentel Brea, Carlos"]
[Result "1-0"]
[WhiteElo "1852"]
[BlackElo "1575"]
[PlyCount "45"]
[EventDate "2012.08.25"]
[EventRounds "8"]
[EventCountry "ESP"]

1. d4 f5 2. Bg5 Nf6 3. Bxf6 gxf6 4. e4 e6 5. exf5 Qe7 6. fxe6 dxe6 7. Nc3 Qb4
8. a3 Qa5 9. Be2 Nd7 10. Bh5+ Ke7 11. Qe2 Bh6 12. Bg4 Nb6 13. Nf3 Rg8 14. Bh3
c6 15. O-O Qh5 16. Kh1 Nd5 17. Nxd5+ Qxd5 18. c4 Qh5 19. Rfe1 f5 20. d5 cxd5
21. cxd5 Qf7 22. dxe6 Bxe6 23. Nd4 1-0

[Event "X Abierto Internacional  Ayuntamiento de"]
[Site "Mondariz Balneario, Pontevedra"]
[Date "2012.08.26"]
[Round "2"]
[White "Lopez Perez, Alberto Jose"]
[Black "Adrian Abad, Miguel"]
[Result "1-0"]
[WhiteElo "1940"]
[BlackElo "1566"]
[PlyCount "37"]
[EventDate "2012.08.25"]
[EventRounds "8"]
[EventCountry "ESP"]

1. e4 c5 2. Nf3 Nc6 3. d4 cxd4 4. Nxd4 d6 5. Bc4 Nf6 6. Nc3 a6 7. Nxc6 bxc6 8.
e5 Nd7 9. exd6 exd6 10. O-O Be7 11. Bf4 d5 12. Nxd5 O-O 13. Nxe7+ Qxe7 14. Bd6
Qh4 15. Bxf8 Qxc4 16. b3 Qh4 17. Bd6 Nf6 18. Bg3 Qg5 19. Qd8+ 1-0

[Event "X Abierto Internacional  Ayuntamiento de"]
[Site "Mondariz Balneario, Pontevedra"]
[Date "2012.08.27"]
[Round "3"]
[White "Grigoriev, Ivan"]
[Black "Prata, Jose"]
[Result "1-0"]
[WhiteElo "2129"]
[BlackElo "2051"]
[PlyCount "77"]
[EventDate "2012.08.25"]
[EventRounds "8"]
[EventCountry "ESP"]

1. g3 d5 2. c4 c6 3. Bg2 Nf6 4. Nf3 Bf5 5. cxd5 cxd5 6. Qb3 Qc8 7. Nc3 e6 8. d3
Nc6 9. Bf4 Bb4 10. Rc1 O-O 11. O-O Bxc3 12. Rxc3 Qd7 13. Ne5 Nxe5 14. Bxe5 Rfc8
15. Bxf6 gxf6 16. Rfc1 Rxc3 17. Qxc3 e5 18. f4 Qd6 19. Qc5 Rd8 20. Qxd6 Rxd6
21. Rc7 exf4 22. gxf4 Rb6 23. Bxd5 Be6 24. Bxe6 Rxe6 25. Kf2 Rb6 26. b3 Kg7 27.
Ke3 f5 28. d4 Kf6 29. d5 h5 30. Kd4 Rb4+ 31. Rc4 Rb6 32. Kc5 Ke7 33. Rb4 Rxb4
34. Kxb4 Kd6 35. Kc4 a6 36. h4 b5+ 37. Kd4 b4 38. Kc4 a5 39. Kd4 1-0

[Event "X Abierto Internacional  Ayuntamiento de"]
[Site "Mondariz Balneario, Pontevedra"]
[Date "2012.08.27"]
[Round "3"]
[White "Pinho, Paulo"]
[Black "Gomez Dieguez, David"]
[Result "1-0"]
[WhiteElo "2159"]
[BlackElo "2123"]
[PlyCount "77"]
[EventDate "2012.08.25"]
[EventRounds "8"]
[EventCountry "ESP"]

1. d4 Nf6 2. Nf3 c5 3. d5 b5 4. c4 Bb7 5. Nc3 bxc4 6. e4 d6 7. Bxc4 Nbd7 8. O-O
g6 9. Re1 Bg7 10. e5 dxe5 11. Nxe5 Nxe5 12. Rxe5 Nd7 13. Re2 O-O 14. Bg5 Ne5
15. Bb5 a6 16. Ba4 c4 17. Qd2 f6 18. Bh4 Nd3 19. b3 Bxd5 20. Nxd5 Qxd5 21. bxc4
Qd4 22. Rd1 Rad8 23. Bg3 e5 24. Qa5 f5 25. Red2 e4 26. Bf4 Kh8 27. Qxa6 Rf6 28.
Qb7 Qxc4 29. Bb5 Qc5 30. Be3 Qe5 31. Bg5 Rb8 32. Bxf6 Bxf6 33. Qf7 Bg5 34. Rc2
Bf4 35. a4 e3 36. Bxd3 exf2+ 37. Kf1 Qd4 38. Qc4 Qf6 39. Qxf4 1-0

[Event "X Abierto Internacional  Ayuntamiento de"]
[Site "Mondariz Balneario, Pontevedra"]
[Date "2012.08.27"]
[Round "3"]
[White "Salgado Gonzalez, Julio"]
[Black "Haak, Eelco"]
[Result "0-1"]
[WhiteElo "1852"]
[BlackElo "2077"]
[PlyCount "32"]
[EventDate "2012.08.25"]
[EventRounds "8"]
[EventCountry "ESP"]

1. d4 Nf6 2. Nf3 g6 3. Nc3 d5 4. Bf4 Bg7 5. e3 O-O 6. Be2 c5 7. Ne5 Nc6 8. h4
cxd4 9. exd4 Qb6 10. Nxc6 bxc6 11. Rb1 Nd7 12. Be3 Ba6 13. Bxa6 Qxa6 14. h5 e5
15. hxg6 exd4 16. Qh5 Nf6 0-1

[Event "X Abierto Internacional  Ayuntamiento de"]
[Site "Mondariz Balneario, Pontevedra"]
[Date "2012.08.27"]
[Round "3"]
[White "Silva, Luis Neves Da"]
[Black "Gomez Dieguez, Adrian"]
[Result "1-0"]
[WhiteElo "2115"]
[BlackElo "1785"]
[PlyCount "93"]
[EventDate "2012.08.25"]
[EventRounds "8"]
[EventCountry "ESP"]

1. e4 Nc6 2. Nf3 e5 3. Bb5 f5 4. Nc3 fxe4 5. Nxe4 Nf6 6. Nxf6+ Qxf6 7. Qe2 Be7
8. Bxc6 Qxc6 9. Qxe5 Qxc2 10. Qxg7 Rf8 11. O-O Rf7 12. Qh8+ Rf8 13. Qc3 Qg6 14.
Re1 Kd8 15. d4 d6 16. Rxe7 Kxe7 17. Qxc7+ Ke6 18. Ng5+ Kd5 19. Be3 Qd3 20. Rc1
Qb5 21. a4 Qb4 22. Nxh7 Be6 23. Nxf8 Rc8 24. Nxe6 Rxc7 25. Nxc7+ Ke4 26. Nb5 a6
27. Nc3+ Kf5 28. Rc2 Qb3 29. Rd2 Qc4 30. h3 b5 31. axb5 axb5 32. g4+ Kg6 33.
Kg2 Qe6 34. Ne2 Qe4+ 35. Kg3 Kh7 36. h4 b4 37. h5 Kg7 38. g5 Qh1 39. h6+ Kh7
40. Rc2 Kg6 41. Rc7 Qe1 42. Nf4+ Kf5 43. h7 Qg1+ 44. Ng2 Qh1 45. Nh4+ Ke4 46.
h8=Q b3 47. Qh7+ 1-0

[Event "X Abierto Internacional  Ayuntamiento de"]
[Site "Mondariz Balneario, Pontevedra"]
[Date "2012.08.27"]
[Round "3"]
[White "Lorenzo Dieguez, Manuel"]
[Black "Del Noval Nemeshazi, Nesztor"]
[Result "1-0"]
[WhiteElo "1679"]
[BlackElo "1499"]
[PlyCount "45"]
[EventDate "2012.08.25"]
[EventRounds "8"]
[EventCountry "ESP"]

1. e4 c5 2. c3 Nc6 3. d4 cxd4 4. cxd4 d6 5. Nf3 e6 6. Bd3 d5 7. e5 Qb6 8. a3
Nxd4 9. Nxd4 a6 10. O-O Bc5 11. Nf3 Ne7 12. Bc2 Nc6 13. Nc3 O-O 14. Qd3 g6 15.
Na4 Qa7 16. Nxc5 Qxc5 17. Bg5 Bd7 18. b4 Qb6 19. Qd2 Qc7 20. Bf6 Nxe5 21. Qh6
Nxf3+ 22. gxf3 Qxh2+ 23. Kxh2 1-0

[Event "X Abierto Internacional  Ayuntamiento de"]
[Site "Mondariz Balneario, Pontevedra"]
[Date "2012.08.27"]
[Round "3"]
[White "Torrallardona Raventos, Marsial"]
[Black "Garcia Ramil, Manuel"]
[Result "0-1"]
[WhiteElo "1695"]
[BlackElo "1458"]
[PlyCount "60"]
[EventDate "2012.08.25"]
[EventRounds "8"]
[EventCountry "ESP"]

1. e4 e5 2. Nf3 Nc6 3. Bb5 a6 4. Ba4 Nf6 5. Nc3 d6 6. d4 Bd7 7. Bg5 b5 8. Bb3
Be7 9. O-O Bg4 10. dxe5 Nxe5 11. Bf4 Nxf3+ 12. gxf3 Bh5 13. Re1 O-O 14. Qe2 Qd7
15. Rad1 Qh3 16. Bg3 c5 17. Nd5 Nxd5 18. Bxd5 Rad8 19. Rd3 Bf6 20. b3 b4 21. e5
dxe5 22. Bxe5 Rxd5 23. Rxd5 Bxf3 24. Qf1 Qxf1+ 25. Kxf1 Bxd5 26. Bd6 Bc3 27.
Re2 Rc8 28. Bxc5 f6 29. Bd6 Rd8 30. Bg3 Bf3 0-1

[Event "X Abierto Internacional  Ayuntamiento de"]
[Site "Mondariz Balneario, Pontevedra"]
[Date "2012.08.27"]
[Round "3"]
[White "Adrian Abad, Miguel"]
[Black "Blanco Gutierrez, Pedro"]
[Result "0-1"]
[WhiteElo "1566"]
[BlackElo "2128"]
[PlyCount "82"]
[EventDate "2012.08.25"]
[EventRounds "8"]
[EventCountry "ESP"]

1. d4 Nf6 2. c4 g6 3. Nc3 d5 4. e3 Bg7 5. Nf3 O-O 6. Bd3 e6 7. O-O b6 8. cxd5
exd5 9. Bd2 Bb7 10. Rc1 Qe7 11. Qc2 Nbd7 12. b4 c6 13. a3 Rfe8 14. Rfe1 Ne4 15.
Rcd1 f5 16. Bc1 Rac8 17. Qb3 Nxc3 18. Qxc3 Qf6 19. Qb3 Bf8 20. e4 fxe4 21. Bxe4
Kg7 22. Bd3 Bd6 23. Qb2 h6 24. Qd2 g5 25. Re3 Bf4 26. Rde1 Bxe3 27. fxe3 g4 28.
Ne5 Nxe5 29. dxe5 Qe6 30. Rf1 Rf8 31. Rf6 Rxf6 32. exf6+ Kxf6 33. e4 Ke7 34.
exd5 cxd5 35. Bb2 d4 36. Qf2 Rf8 37. Qg3 Qe3+ 38. Kh1 Qxg3 39. hxg3 Rf2 40.
Bxd4 Rxg2 41. Bf1 Rd2+ 0-1

[Event "X Abierto Internacional  Ayuntamiento de"]
[Site "Mondariz Balneario, Pontevedra"]
[Date "2012.08.28"]
[Round "4"]
[White "Haak, Eelco"]
[Black "Grigoriev, Ivan"]
[Result "1/2-1/2"]
[WhiteElo "2077"]
[BlackElo "2129"]
[PlyCount "57"]
[EventDate "2012.08.25"]
[EventRounds "8"]
[EventCountry "ESP"]

1. d4 Nf6 2. Nf3 c5 3. e3 g6 4. c4 Bg7 5. Nc3 O-O 6. Be2 cxd4 7. exd4 d5 8. O-O
Nc6 9. h3 dxc4 10. d5 Na5 11. Bg5 a6 12. b4 cxb3 13. axb3 b5 14. d6 Nc6 15.
Bxb5 Bb7 16. Bxc6 Bxc6 17. Ne5 Bb7 18. Ng4 Qb6 19. dxe7 Rfe8 20. Bxf6 Bxf6 21.
Nd5 Bxd5 22. Qxd5 Bxa1 23. Rxa1 h5 24. Nh6+ Kg7 25. Nxf7 Qf6 26. Ne5 Ra7 27. f4
Raxe7 28. Rf1 Kh7 29. Rf3 1/2-1/2

[Event "X Abierto Internacional  Ayuntamiento de"]
[Site "Mondariz Balneario, Pontevedra"]
[Date "2012.08.28"]
[Round "4"]
[White "Prata, Jose"]
[Black "Pinho, Paulo"]
[Result "1-0"]
[WhiteElo "2051"]
[BlackElo "2159"]
[PlyCount "55"]
[EventDate "2012.08.25"]
[EventRounds "8"]
[EventCountry "ESP"]

1. e4 c5 2. d3 e6 3. g3 d5 4. Nd2 Nc6 5. Bg2 Nf6 6. Ngf3 Be7 7. O-O O-O 8. Re1
b5 9. e5 Nd7 10. Nf1 a5 11. h4 b4 12. Bf4 Ba6 13. Ne3 a4 14. c4 bxc3 15. bxc3
d4 16. Nc4 dxc3 17. Ng5 Nd4 18. Rc1 Ra7 19. Qh5 Bxg5 20. Bxg5 Qb8 21. Rxc3 Bb7
22. Nd6 Bxg2 23. Kxg2 Qb2 24. Rcc1 Nb6 25. Rxc5 Qxa2 26. Bf6 gxf6 27. exf6 Kh8
28. Qh6 1-0

[Event "X Abierto Internacional  Ayuntamiento de"]
[Site "Mondariz Balneario, Pontevedra"]
[Date "2012.08.28"]
[Round "4"]
[White "Gomez Dieguez, David"]
[Black "Silva, Luis Neves Da"]
[Result "0-1"]
[WhiteElo "2123"]
[BlackElo "2115"]
[PlyCount "72"]
[EventDate "2012.08.25"]
[EventRounds "8"]
[EventCountry "ESP"]

1. e4 c5 2. Nf3 d6 3. Bc4 Nf6 4. e5 dxe5 5. Nxe5 e6 6. Qe2 Be7 7. b3 Bd7 8. Bb2
Nc6 9. f4 O-O 10. O-O Nd4 11. Bxd4 cxd4 12. Rf3 Bc5 13. Bd3 Bc6 14. Rh3 g6 15.
a4 Qd6 16. Qf2 Qe7 17. Qh4 Nh5 18. Qf2 f5 19. Kh1 Bd5 20. Qf1 Bd6 21. Qf2 Nxf4
22. Qxf4 Qc7 23. c4 Bxe5 24. Qh4 Bc6 25. Na3 Bf6 26. Qh6 Qg7 27. Qf4 e5 28. Qf2
e4 29. Bf1 e3 30. Qe1 d3 31. Rd1 e2 32. Bxe2 dxe2 33. Qxe2 Rfe8 34. Qf1 Re7 35.
d4 Bxd4 36. Rhd3 Bf6 0-1

[Event "X Abierto Internacional  Ayuntamiento de"]
[Site "Mondariz Balneario, Pontevedra"]
[Date "2012.08.28"]
[Round "4"]
[White "Lopez Perez, Alberto Jose"]
[Black "Lorenzo Dieguez, Manuel"]
[Result "1-0"]
[WhiteElo "1940"]
[BlackElo "1679"]
[PlyCount "65"]
[EventDate "2012.08.25"]
[EventRounds "8"]
[EventCountry "ESP"]

1. e4 c5 2. Nf3 d6 3. c3 Nf6 4. Be2 Nc6 5. d4 cxd4 6. cxd4 Nxe4 7. d5 Qa5+ 8.
Nc3 Nxc3 9. bxc3 Ne5 10. Nxe5 Qxc3+ 11. Bd2 Qxe5 12. O-O Bd7 13. Rb1 b6 14. Rc1
Qf5 15. Re1 Rc8 16. Rxc8+ Bxc8 17. Qa4+ Bd7 18. Qxa7 f6 19. Bf3 Qc2 20. Be3 Qa4
21. Qc7 Qxa2 22. Bxb6 Qa4 23. Qxd6 Kf7 24. Qc5 Qb5 25. Qe3 Qa4 26. Bc5 Qb5 27.
Bxe7 Bxe7 28. Bh5+ g6 29. Qxe7+ Kg8 30. Bf3 Qa5 31. d6 h5 32. Rb1 Qf5 33. Bd5+
1-0

[Event "X Abierto Internacional  Ayuntamiento de"]
[Site "Mondariz Balneario, Pontevedra"]
[Date "2012.08.28"]
[Round "4"]
[White "Garcia Ramil, Manuel"]
[Black "Salgado Gonzalez, Julio"]
[Result "1-0"]
[WhiteElo "1458"]
[BlackElo "1852"]
[PlyCount "99"]
[EventDate "2012.08.25"]
[EventRounds "8"]
[EventCountry "ESP"]

1. e4 Nc6 2. Nf3 d5 3. exd5 Qxd5 4. Nc3 Qa5 5. d4 Bg4 6. Be3 O-O-O 7. Be2 Nf6
8. O-O e5 9. d5 Bb4 10. Ng5 Bxe2 11. Qxe2 Bxc3 12. dxc6 Bxb2 13. Rab1 Bd4 14.
Nxf7 Bb6 15. Nxh8 Rxh8 16. Bxb6 axb6 17. cxb7+ Kxb7 18. Rb5 Qa4 19. c4 e4 20.
Rfb1 Ra8 21. c5 Qxa2 22. Qxa2 Rxa2 23. cxb6 c6 24. Re5 Nd5 25. Rxe4 Ra6 26. Re8
Rxb6 27. Rxb6+ Kxb6 28. Rg8 c5 29. Kf1 g6 30. Ke2 c4 31. f3 Kc5 32. Kd2 Kd4 33.
Rd8 g5 34. g3 h5 35. f4 gxf4 36. gxf4 Ke4 37. f5 c3+ 38. Kc2 Ne3+ 39. Kxc3 Nxf5
40. Rh8 h4 41. Kd2 Kf3 42. Ke1 Ne3 43. Rf8+ Kg2 44. Rf2+ Kg1 45. h3 Ng2+ 46.
Ke2 Kh2 47. Kf3 Kxh3 48. Re2 Nf4 49. Re1 Kh2 50. Kxf4 1-0

[Event "X Abierto Internacional  Ayuntamiento de"]
[Site "Mondariz Balneario, Pontevedra"]
[Date "2012.08.28"]
[Round "4"]
[White "Gomez Dieguez, Adrian"]
[Black "Yebra-Pimentel Brea, Carlos"]
[Result "1/2-1/2"]
[WhiteElo "1785"]
[BlackElo "1575"]
[PlyCount "94"]
[EventDate "2012.08.25"]
[EventRounds "8"]
[EventCountry "ESP"]

1. e4 c5 2. Nf3 e6 3. Nc3 Nc6 4. g3 g6 5. d4 cxd4 6. Nxd4 Bg7 7. Ndb5 Bxc3+ 8.
Nxc3 a6 9. a4 b6 10. Bg2 Bb7 11. b3 Nge7 12. Bh6 Rc8 13. O-O Rg8 14. Bg5 Nb4
15. Qd2 Qc7 16. Bf6 g5 17. Na2 Nxa2 18. Rxa2 h6 19. c4 e5 20. h4 gxh4 21. Bxh4
Qc6 22. Rd1 Rg6 23. Bh3 Rc7 24. f3 f5 25. exf5 Qxf3 26. Rf1 Rxg3+ 27. Bxg3 Qh1+
28. Kf2 Qxh3 29. Rg1 Qxf5+ 30. Ke2 Qf3+ 31. Ke1 Qe4+ 32. Qe2 Qb1+ 33. Kf2 Qf5+
34. Ke1 Qb1+ 35. Qd1 Qxa2 36. Qh5+ Kd8 37. Qxe5 Qb1+ 38. Kd2 Qa2+ 39. Ke1 Qb1+
40. Kd2 Qa2+ 41. Kc1 Qa3+ 42. Kc2 Qa2+ 43. Kc1 Qa3+ 44. Kd2 Qa2+ 45. Ke1 Qb1+
46. Kd2 Qa2+ 47. Kc1 Qa3+ 1/2-1/2

[Event "X Abierto Internacional  Ayuntamiento de"]
[Site "Mondariz Balneario, Pontevedra"]
[Date "2012.08.28"]
[Round "4"]
[White "Del Noval Nemeshazi, Nesztor"]
[Black "Torrallardona Raventos, Marsial"]
[Result "0-1"]
[WhiteElo "1499"]
[BlackElo "1695"]
[PlyCount "46"]
[EventDate "2012.08.25"]
[EventRounds "8"]
[EventCountry "ESP"]

1. e4 e5 2. Nf3 Nc6 3. Bc4 Bc5 4. c3 Nf6 5. d4 exd4 6. cxd4 Bb4+ 7. Bd2 Nxe4 8.
Bxb4 Nxb4 9. Bxf7+ Kxf7 10. Qb3+ Ke8 11. Qxb4 b6 12. O-O Kf7 13. Re1 Re8 14.
Ne5+ Rxe5 15. dxe5 Bb7 16. Nc3 Nxc3 17. Qxc3 Kg8 18. Re3 Rc8 19. h3 Qe7 20.
Rae1 Qf7 21. e6 Qf5 22. exd7 Rf8 23. Re8 Qxf2+ 0-1